Wersje językowe gry Scrabble - Statystyki

Ogólne statystyki
  • Ten quiz został rozwiązany 70 razy
  • Średni wynik to 24 z 35
Statystyki odpowiedzi
Język % Poprawnych
Polski
100%
Angielski
98%
Francuski
97%
Niemiecki
97%
Rosyjski
95%
Hiszpański
92%
Portugalski
91%
Czeski
86%
Norweski
86%
Ukraiński
84%
Duński
83%
Szwedzki
83%
Włoski
83%
Grecki
80%
Fiński
77%
Słowacki
77%
Węgierski
77%
Arabski
75%
Chorwacki
75%
Rumuński
73%
Estoński
70%
Litewski
67%
Łotewski
67%
Bułgarski
64%
Niderlandzki
64%
Słoweński
63%
Irlandzki
56%
Islandzki
56%
Turecki
56%
Hebrajski
23%
Walijski
20%
Kataloński
19%
Afrikaans
9%
Malezyjski
6%
Farerski
3%
Nie znaleziono quizów pasujących do podanych kryteriów
Rozkład punktacji
Procent ludzi z każdym wynikiem
Percentyl według liczby udzielonych odpowiedzi
Twoja historia wyników
Nie rozwiązałeś tego quizu